Mimesis, hermeneusis y narración en Fray Bernardino de Sahagun (Record no. 75338)

MARC details
000 -LEADER
campo de control de longitud fija 00493nmm a2200157Ia 4500
008 - DATOS DE LONGITUD FIJA--INFORMACIÓN GENERAL
campo de control de longitud fija 251105s9999||||xx |||||||||||||||||und||
020 ## - NÚMERO INTERNACIONAL ESTÁNDAR DEL LIBRO
Número Internacional Estándar del Libro 9781882528653
041 ## - CÓDIGO DE IDIOMA
Código de lengua del texto/banda sonora o título independiente spa
100 ## - ENTRADA PRINCIPAL--NOMBRE DE PERSONA
Nombre de persona Zinni, Mariana C
245 #0 - MENCIÓN DEL TÍTULO
Título Mimesis, hermeneusis y narración en Fray Bernardino de Sahagun
264 ## - PRODUCCIÓN, PUBLICACIÓN, DISTRIBUCIÓN, FABRICACIÓN Y COPYRIGHT
Producción, publicación, distribución, fabricación y copyright [Washington, Estados Unidos] :
Nombre del de productor, editor, distribuidor, fabricante Scripta Humanistica,
Fecha de producción, publicación, distribución, fabricación o copyright 2014
300 ## - DESCRIPCIÓN FÍSICA
Extensión 266 páginas
650 ## - PUNTO DE ACCESO ADICIONAL DE MATERIA--TÉRMINO DE MATERIA
Término de materia o nombre geográfico como elemento de entrada Philosophy, Ethics
856 ## - LOCALIZACIÓN Y ACCESO ELECTRÓNICOS
Identificador Uniforme de Recursos <a href="https://public.digitaliapublishing.com/a/41692">https://public.digitaliapublishing.com/a/41692</a>
942 ## - ELEMENTOS DE ENTRADA SECUNDARIOS (KOHA)
Tipo de ítem Koha Libro Digital

No items available.

Powered by Koha